Bloodless surgery compend ... (Record no. 38345)

MARC details
000 -LEADER
fixed length control field 00528cam a22002051 4500
001 - CONTROL NUMBER
control field med47001616
003 - CONTROL NUMBER IDENTIFIER
control field DLC
005 - DATE AND TIME OF LATEST TRANSACTION
control field 20260227111602.0
008 - FIXED-LENGTH DATA ELEMENTS--GENERAL INFORMATION
fixed length control field 810815s1947 xx a 000 0 eng
010 ## - LIBRARY OF CONGRESS CONTROL NUMBER
LC control number med47001616
035 ## - SYSTEM CONTROL NUMBER
System control number (OCoLC)14741669
040 ## - CATALOGING SOURCE
Original cataloging agency DLC
Transcribing agency DNLM
Modifying agency DLC
042 ## - AUTHENTICATION CODE
Authentication code premarc
050 00 - LIBRARY OF CONGRESS CALL NUMBER
Classification number RM730
Item number .D395
060 0# - NATIONAL LIBRARY OF MEDICINE CALL NUMBER
Classification number WB 905
Item number D326b 1947
100 1# - MAIN ENTRY--PERSONAL NAME
Personal name De Jarnette, Bertrand,
Dates associated with a name 1899-1992.
245 10 - TITLE STATEMENT
Title Bloodless surgery compend ...
260 ## - PUBLICATION, DISTRIBUTION, ETC.
Place of publication, distribution, etc. Nebraska City, Neb.,
Date of publication, distribution, etc. c1947.
300 ## - PHYSICAL DESCRIPTION
Extent 57 p.
Other physical details ill.

No items available.

Powered by Koha